000 00598nam a22001817a 4500
003 OSt
005 20140310182521.0
008 130810t xxu||||| |||| 00| 0 eng d
020 _a9789717251653
050 _aDS 675
_b.Ag283 2008
100 _aAguilar, Reynaldo L.
_99337
245 _aRizal :
_bkabayanihan tungo sa globalisasyon /
_cReynaldo Aguilar, Ernesto Buenaventura, Luisito San Valentin.
260 _aPateros, Metro Manila :
_bGrandbooks Publishing,
_cc2008.
300 _a268 p. ;
_c22 cm.
_bill. :
700 _aBuenaventura, Ernesto M.
_99338
942 _2lcc
_cSSLC
999 _c14016
_d14016